=LDR 00000nam 2200000 4500 =001 INLIS000000000027912 =005 20130612130243 =008 ***********************************ind** =035 ##$$a0010-061300000027912 =041 ##$$a ind =082 ##$$a 646.7 =090 ##$$a 646.7, SLA m =100 ##$$a Slate, Joe H =245 ##$$a Menjadi awet muda, Strategi untuk hidup awet muda, panjang umur =260 ##$$a 2006 $b Jakarta =300 ##$$a xii, 235 hlm., 23 cm =650 ##$$a Kebersihan Diri =700 ##$$a Fajar, Nurmalasari =850 ##$$a NBPNMAT =990 ##$$a 0001/BPAP-NTB/20142014